000 00249nam a2200109Ia 4500
008 190216s9999||||xx |||||||||||||| ||und||
100 _aRajesh Sharma
245 0 _aHindi-Mera Bhai
260 _bArun Prakashan
650 _aHindi
942 _cBK
999 _c15487
_d15487